书目信息 |
| 题名: |
草地学实验与实习指导
|
|
| 作者: | 毛培胜 主编 | |
| 分册: | ||
| 出版信息: | 北京 中国农业出版社 2019.5 |
|
| 页数: | 262页 | |
| 开本: | 26cm | |
| 丛书名: | ||
| 单 册: | ||
| 中图分类: | S812.3 | |
| 科图分类: | ||
| 主题词: | 草地--实验--高等学校--教材 | |
| 电子资源: | ||
| ISBN: | 978-7-109-25380-3 | |
| 000 | 00973nam0 2200229 45 | |
| 001 | 012001004154 | |
| 005 | 20131122023117.0 | |
| 010 | @a978-7-109-25380-3@dCNY36.00 | |
| 100 | @a20190328d2019 em y0chiy0110 ea | |
| 101 | 0 | @achi |
| 102 | @aCN@b110000 | |
| 105 | @ay z 000yy | |
| 106 | @ar | |
| 200 | 1 | @a草地学实验与实习指导@9cao di xue shi yan yu shi xi zhi dao@f毛培胜主编 |
| 210 | @a北京@c中国农业出版社@d2019.5 | |
| 215 | @a262页@d26cm | |
| 330 | @a本书分为实验篇与实习篇2篇,实验篇分5章,共18个实验;实习篇共4章,21个实验。本书是农业部“十二五”规划教材《草地学》(第四版)的配套教材,包括牧草种子特性、牧草植物学特性、草地管理、牧草加工、草地调查规划、草地植物特性、种子牧草生产与加工、草地管理和草地调查规划9章,涵盖了科学研究和生产实践的基础实验,可有效达到理论与实践的结合。 | |
| 606 | 0 | @a草地@x实验@x高等学校@j教材 |
| 690 | @aS812.3@v5 | |
| 701 | 0 | @a毛培胜@9mao pei sheng@4主编 |
| 801 | 0 | @aCN@b上海新华@c20191020 |
| 905 | @b1212495-8@dS812.3@e214@f4 | |
| 草地学实验与实习指导/毛培胜主编.-北京:中国农业出版社,2019.5 |
| 262页;26cm |
| ISBN 978-7-109-25380-3:CNY36.00 |
| 本书分为实验篇与实习篇2篇,实验篇分5章,共18个实验;实习篇共4章,21个实验。本书是农业部“十二五”规划教材《草地学》(第四版)的配套教材,包括牧草种子特性、牧草植物学特性、草地管理、牧草加工、草地调查规划、草地植物特性、种子牧草生产与加工、草地管理和草地调查规划9章,涵盖了科学研究和生产实践的基础实验,可有效达到理论与实践的结合。 |
| ● |
| 相关链接 |
|
|
|
|
正题名:草地学实验与实习指导
索取号:S812.3/214
 
预约/预借
| 序号 | 登录号 | 条形码 | 馆藏地/架位号 | 状态 | 备注 |
| 1 | 1212495 | 212124958 | 第二样本阅览室/ [索取号:S812.3/214] | 在馆 | |
| 2 | 1212496 | 212124967 | 第三借阅区/ [索取号:S812.3/214] | 在馆 | |
| 3 | 1212497 | 212124976 | 第三借阅区/ [索取号:S812.3/214] | 在馆 | |
| 4 | 1212498 | 212124985 | 第三借阅区/ [索取号:S812.3/214] | 在馆 |